| 000 | 00425nam a2200145Ia 4500 | ||
|---|---|---|---|
| 005 | 20251222141858.0 | ||
| 008 | 251222s9999||||xx |||||||||||||| ||spa|| | ||
| 020 | _a9786124688768 | ||
| 082 | _a248.060.985/F42 | ||
| 100 | _aFernández Villanova, David | ||
| 245 | 0 | _aCofradías en el Perú y otros ámbitos del Mundo Hispánico (Siglos XVI-XIX) | |
| 250 | _a1ra.ed. | ||
| 264 | _bConferencia Episcopal Peruana | ||
| 942 | _cLIB | ||
| 999 |
_c7952 _d7952 |
||